000 00993nam a22002657a 4500
005 20110312171129.0
008 110312t xxu||||| |||| 00| 0 eng d
010 _aB-422620
020 _a978819048066
_c600.00
035 _aB-422620
037 _aUBH
_bRP/BL-4
040 _adpl
050 _a657
082 _a657
100 _aSharma,Parveen
_926522
245 _aAdvanced Accountancy
_cParveen Sharma
250 _a20th ed,(revised)
260 _aNew Delhi
_bParveen Sharma
_c2001
270 _aGround Floor,Convention Centre,Indian Medical Association Building,I,P,Marg
_bNew Delhi
_e110002
_k9310273102
300 _axiv,508,xxp
_c27cm
700 _aSharma,Parveen
_926523
942 _2ddc
_cEN
_h657
_mSHA
999 _c51036
_d51036